[Event "DEM U18 2025"]
[Site "Willingen GER"]
[Date "2025.06.14"]
[Round "9"]
[White "Rempe, Jonas"]
[Black "Stork, Christopher"]
[Result "0-1"]
[Termination "normal"]
[Board "9"]
[WhiteTitle "CM"]
[WhiteElo "2135"]
[BlackElo "2132"]
[WhiteClock "00:00:33"]
[BlackClock "00:07:59"]
[PlyCount "80"]
[WhiteFideId "16202406"]
[BlackFideId "16215400"]
[EventCountry "GER"]
[EventRounds "9"]
[EventType "swiss"]
[EventDate "2025.06.07"]

1. e4 {[%clk 01:30:56]} {[%emt 00:00:04]} c5 {[%clk 01:30:55]} {[%emt
00:00:04]} 2. Nf3 {[%clk 01:31:21]} {[%emt 00:00:05]} Nc6 {[%clk 01:31:19]}
{[%emt 00:00:07]} 3. Bb5 {[%clk 01:31:46]} {[%emt 00:00:04]} h6 {[%clk
01:31:44]} {[%emt 00:00:04]} 4. d3 {[%clk 01:28:10]} {[%emt 00:04:06]} g5
{[%clk 01:31:34]} {[%emt 00:00:41]} 5. O-O {[%clk 01:28:25]} {[%emt 00:00:14]}
Bg7 {[%clk 01:31:42]} {[%emt 00:00:22]} 6. c3 {[%clk 01:26:31]} {[%emt
00:02:24]} e5 {[%clk 01:28:03]} {[%emt 00:04:09]} 7. h3 {[%clk 01:18:57]}
{[%emt 00:08:04]} Nge7 {[%clk 01:21:44]} {[%emt 00:06:50]} 8. Be3 {[%clk
01:16:05]} {[%emt 00:03:21]} d6 {[%clk 01:16:14]} {[%emt 00:06:00]} 9. d4
{[%clk 01:15:26]} {[%emt 00:01:10]} cxd4 {[%clk 01:06:40]} {[%emt 00:10:05]}
10. cxd4 {[%clk 01:15:50]} {[%emt 00:00:05]} O-O {[%clk 01:06:30]} {[%emt
00:00:40]} 11. dxe5 {[%clk 01:10:49]} {[%emt 00:05:30]} Nxe5 {[%clk 01:03:06]}
{[%emt 00:03:54]} 12. Nxe5 {[%clk 01:10:34]} {[%emt 00:00:46]} Bxe5 {[%clk
01:03:03]} {[%emt 00:00:34]} 13. Bd4 {[%clk 01:09:27]} {[%emt 00:01:36]} Be6
{[%clk 01:01:10]} {[%emt 00:02:23]} 14. Nc3 {[%clk 01:03:58]} {[%emt 00:06:00]}
Ng6 {[%clk 00:57:25]} {[%emt 00:04:15]} 15. Bxe5 {[%clk 00:56:46]} {[%emt
00:07:42]} dxe5 {[%clk 00:56:30]} {[%emt 00:01:25]} 16. Kh2 {[%clk 00:47:27]}
{[%emt 00:09:48]} Qb6 {[%clk 00:52:49]} {[%emt 00:04:11]} 17. Qc2 {[%clk
00:44:14]} {[%emt 00:03:44]} Rfd8 {[%clk 00:50:07]} {[%emt 00:03:11]} 18. Rfd1
{[%clk 00:43:18]} {[%emt 00:01:26]} Rd4 {[%clk 00:49:18]} {[%emt 00:01:20]} 19.
Bf1 {[%clk 00:38:17]} {[%emt 00:05:31]} Rc8 {[%clk 00:47:50]} {[%emt 00:01:57]}
20. b3 {[%clk 00:34:32]} {[%emt 00:04:16]} Qd8 {[%clk 00:41:37]} {[%emt
00:06:44]} 21. Be2 {[%clk 00:26:45]} {[%emt 00:08:17]} Nf4 {[%clk 00:41:15]}
{[%emt 00:00:51]} 22. Bf3 {[%clk 00:26:51]} {[%emt 00:00:25]} Qf6 {[%clk
00:39:45]} {[%emt 00:02:00]} 23. Rac1 {[%clk 00:25:46]} {[%emt 00:01:34]} Nd3
{[%clk 00:36:14]} {[%emt 00:04:01]} 24. Nd5 {[%clk 00:22:34]} {[%emt 00:03:41]}
Rxd5 {[%clk 00:36:11]} {[%emt 00:00:34]} 25. Qxc8+ {[%clk 00:22:46]} {[%emt
00:00:19]} Bxc8 {[%clk 00:35:36]} {[%emt 00:01:04]} 26. Rxc8+ {[%clk 00:23:11]}
{[%emt 00:00:05]} Rd8 {[%clk 00:35:32]} {[%emt 00:00:34]} 27. Rxd8+ {[%clk
00:23:33]} {[%emt 00:00:07]} Qxd8 {[%clk 00:35:58]} {[%emt 00:00:04]} 28. Be2
{[%clk 00:23:59]} {[%emt 00:00:05]} Qa5 {[%clk 00:33:36]} {[%emt 00:02:51]} 29.
Bxd3 {[%clk 00:21:03]} {[%emt 00:03:26]} b5 {[%clk 00:29:21]} {[%emt 00:04:45]}
30. Bb1 {[%clk 00:18:54]} {[%emt 00:02:40]} Kg7 {[%clk 00:27:48]} {[%emt
00:02:03]} 31. f3 {[%clk 00:18:41]} {[%emt 00:00:43]} a6 {[%clk 00:24:01]}
{[%emt 00:04:17]} 32. Rd5 {[%clk 00:18:20]} {[%emt 00:00:51]} Qa3 {[%clk
00:22:29]} {[%emt 00:02:02]} 33. b4 {[%clk 00:13:02]} {[%emt 00:05:48]} Qb2
{[%clk 00:19:33]} {[%emt 00:03:26]} 34. Rd1 {[%clk 00:08:43]} {[%emt 00:04:49]}
Kg6 {[%clk 00:17:27]} {[%emt 00:02:36]} 35. Rd6+ {[%clk 00:03:11]} {[%emt
00:06:01]} f6 {[%clk 00:17:02]} {[%emt 00:00:56]} 36. Bd3 {[%clk 00:03:19]}
{[%emt 00:00:22]} Qxa2 {[%clk 00:16:43]} {[%emt 00:00:48]} 37. Rd5 {[%clk
00:03:46]} {[%emt 00:00:04]} Qd2 {[%clk 00:09:00]} {[%emt 00:08:13]} 38. Bxb5
{[%clk 00:02:05]} {[%emt 00:02:12]} Qf4+ {[%clk 00:09:05]} {[%emt 00:00:25]}
39. g3 {[%clk 00:02:29]} {[%emt 00:00:05]} Qxf3 {[%clk 00:09:17]} {[%emt
00:00:18]} 40. Bxa6 {[%clk 00:00:33]} {[%emt 00:02:25]} Qf2+ {[%clk 00:07:59]}
{[%emt 00:01:49]} 0-1

[Event "DEM U18 2025"]
[Site "Willingen GER"]
[Date "2025.06.14"]
[Round "9"]
[White "Ensslinger, Colin"]
[Black "Isbilir, Levin"]
[Result "1/2-1/2"]
[Termination "normal"]
[Board "10"]
[WhiteElo "2081"]
[BlackElo "2118"]
[WhiteClock "01:31:46"]
[BlackClock "01:30:34"]
[PlyCount "40"]
[WhiteFideId "16226011"]
[BlackFideId "16267192"]
[EventCountry "GER"]
[EventRounds "9"]
[EventType "swiss"]
[EventDate "2025.06.07"]

1. Nf3 {[%clk 01:30:57]} {[%emt 00:00:02]} c5 {[%clk 01:30:54]} {[%emt
00:00:07]} 2. c4 {[%clk 01:31:22]} {[%emt 00:00:05]} Nc6 {[%clk 01:31:10]}
{[%emt 00:00:13]} 3. Nc3 {[%clk 01:31:45]} {[%emt 00:00:08]} Nf6 {[%clk
01:31:05]} {[%emt 00:00:35]} 4. d4 {[%clk 01:32:06]} {[%emt 00:00:10]} cxd4
{[%clk 01:31:24]} {[%emt 00:00:10]} 5. Nxd4 {[%clk 01:32:24]} {[%emt 00:00:14]}
e6 {[%clk 01:30:48]} {[%emt 00:01:05]} 6. Ndb5 {[%clk 01:32:33]} {[%emt
00:00:22]} d5 {[%clk 01:30:16]} {[%emt 00:01:03]} 7. cxd5 {[%clk 01:32:55]}
{[%emt 00:00:08]} exd5 {[%clk 01:30:35]} {[%emt 00:00:10]} 8. Nxd5 {[%clk
01:33:05]} {[%emt 00:00:21]} Nxd5 {[%clk 01:30:30]} {[%emt 00:00:35]} 9. Qxd5
{[%clk 01:33:26]} {[%emt 00:00:09]} Bb4+ {[%clk 01:30:51]} {[%emt 00:00:09]}
10. Bd2 {[%clk 01:33:48]} {[%emt 00:00:08]} O-O {[%clk 01:30:54]} {[%emt
00:00:28]} 11. Qxd8 {[%clk 01:34:01]} {[%emt 00:00:16]} Rxd8 {[%clk 01:31:17]}
{[%emt 00:00:08]} 12. Bc3 {[%clk 01:33:17]} {[%emt 00:01:13]} a5 {[%clk
01:30:44]} {[%emt 00:01:03]} 13. Nc7 {[%emt 00:00:26]} Ra7 {[%clk 01:30:57]}
{[%emt 00:00:02]} 14. Nb5 {[%clk 01:34:01]} {[%emt 00:00:05]} Ra8 {[%clk
01:30:50]} {[%emt 00:00:36]} 15. Nc7 {[%clk 01:34:12]} {[%emt 00:00:19]} Ra7
{[%clk 01:30:15]} {[%emt 00:01:06]} 16. Nb5 {[%clk 01:33:36]} {[%emt 00:01:05]}
Ra8 {[%clk 01:30:10]} {[%emt 00:00:34]} 17. e3 {[%clk 01:31:41]} {[%emt
00:02:26]} Bf5 {[%clk 01:30:23]} {[%emt 00:00:18]} 18. Be2 {[%clk 01:31:55]}
{[%emt 00:00:15]} Rac8 {[%clk 01:30:14]} {[%emt 00:00:40]} 19. O-O {[%clk
01:31:42]} {[%emt 00:00:43]} Bxc3 {[%clk 01:30:14]} {[%emt 00:00:30]} 20. Nxc3
{[%clk 01:31:46]} {[%emt 00:00:26]} Rd2 {[%clk 01:30:34]} {[%emt 00:00:09]}
1/2-1/2

[Event "DEM U18 2025"]
[Site "Willingen GER"]
[Date "2025.06.14"]
[Round "9"]
[White "Neuhoff, Laertes"]
[Black "Cilo, Selimhan"]
[Result "1-0"]
[Termination "normal"]
[Board "11"]
[WhiteElo "2130"]
[BlackElo "2164"]
[WhiteClock "00:23:02"]
[BlackClock "00:30:27"]
[PlyCount "89"]
[WhiteFideId "16279719"]
[BlackFideId "16246756"]
[EventCountry "GER"]
[EventRounds "9"]
[EventType "swiss"]
[EventDate "2025.06.07"]

1. Nf3 {[%clk 01:30:59]} {[%emt 00:00:01]} d5 {[%clk 01:30:53]} {[%emt
00:00:07]} 2. g3 {[%emt 00:00:05]} Nd7 {[%clk 01:30:54]} {[%emt 00:00:28]} 3.
d4 {[%clk 01:30:32]} {[%emt 00:01:23]} Ngf6 {[%clk 01:29:34]} {[%emt 00:01:51]}
4. Bg2 {[%clk 01:30:56]} {[%emt 00:00:05]} c5 {[%clk 01:27:38]} {[%emt
00:02:26]} 5. c4 {[%clk 01:22:36]} {[%emt 00:08:51]} dxc4 {[%clk 01:19:29]}
{[%emt 00:08:39]} 6. dxc5 {[%clk 01:22:58]} {[%emt 00:00:07]} Qc7 {[%clk
01:18:32]} {[%emt 00:01:27]} 7. Qa4 {[%clk 01:16:02]} {[%emt 00:07:27]} e5
{[%clk 01:04:49]} {[%emt 00:14:13]} 8. c6 {[%clk 01:02:17]} {[%emt 00:14:14]}
Qxc6 {[%clk 01:04:33]} {[%emt 00:00:47]} 9. Qxc6 {[%clk 01:02:38]} {[%emt
00:00:08]} bxc6 {[%clk 01:05:02]} {[%emt 00:00:01]} 10. Nfd2 {[%clk 01:01:21]}
{[%emt 00:01:47]} Ba6 {[%clk 01:04:54]} {[%emt 00:00:39]} 11. Bxc6 {[%clk
01:00:30]} {[%emt 00:01:21]} Rc8 {[%clk 00:59:54]} {[%emt 00:05:30]} 12. Bg2
{[%clk 00:59:58]} {[%emt 00:01:02]} Bb4 {[%clk 00:58:42]} {[%emt 00:01:42]} 13.
Nc3 {[%clk 00:59:13]} {[%emt 00:01:15]} O-O {[%clk 00:51:57]} {[%emt 00:07:15]}
14. O-O {[%clk 00:55:42]} {[%emt 00:04:01]} Nc5 {[%clk 00:49:38]} {[%emt
00:02:48]} 15. Ndb1 {[%clk 00:42:57]} {[%emt 00:13:15]} Ne6 {[%clk 00:41:42]}
{[%emt 00:08:27]} 16. e3 {[%clk 00:42:11]} {[%emt 00:01:16]} Rfd8 {[%clk
00:39:25]} {[%emt 00:02:47]} 17. Nd2 {[%clk 00:39:26]} {[%emt 00:03:15]} Nc5
{[%clk 00:37:22]} {[%emt 00:02:32]} 18. Nf3 {[%clk 00:39:16]} {[%emt 00:00:40]}
Nd3 {[%clk 00:34:08]} {[%emt 00:03:45]} 19. Ng5 {[%clk 00:29:54]} {[%emt
00:09:52]} g6 {[%clk 00:20:01]} {[%emt 00:14:37]} 20. Nge4 {[%clk 00:28:13]}
{[%emt 00:02:11]} Ne8 {[%clk 00:19:13]} {[%emt 00:01:19]} 21. g4 {[%clk
00:27:25]} {[%emt 00:01:18]} f6 {[%clk 00:14:18]} {[%emt 00:05:24]} 22. f4
{[%clk 00:20:27]} {[%emt 00:07:27]} Kg7 {[%emt 00:03:18]} 23. h3 {[%clk
00:19:37]} {[%emt 00:01:18]} Nd6 {[%clk 00:10:46]} {[%emt 00:01:18]} 24. f5
{[%clk 00:15:53]} {[%emt 00:04:14]} g5 {[%clk 00:06:02]} {[%emt 00:05:13]} 25.
Ng3 {[%clk 00:08:34]} {[%emt 00:07:49]} Bxc3 {[%clk 00:03:21]} {[%emt
00:03:12]} 26. bxc3 {[%clk 00:08:56]} {[%emt 00:00:06]} Nb5 {[%clk 00:03:36]}
{[%emt 00:00:15]} 27. Ne4 {[%clk 00:08:43]} {[%emt 00:00:44]} Bb7 {[%clk
00:02:16]} {[%emt 00:01:49]} 28. a4 {[%clk 00:05:20]} {[%emt 00:03:53]} Nd6
{[%clk 00:00:53]} {[%emt 00:01:53]} 29. Nxd6 {[%clk 00:03:31]} {[%emt
00:02:20]} Bxg2 {[%clk 00:01:21]} {[%emt 00:00:02]} 30. Nxc8 {[%clk 00:02:42]}
{[%emt 00:01:19]} Bxf1 {[%clk 00:01:49]} {[%emt 00:00:01]} 31. Kxf1 {[%clk
00:03:00]} {[%emt 00:00:12]} Rxc8 {[%clk 00:02:14]} {[%emt 00:00:06]} 32. Rb1
{[%clk 00:03:19]} {[%emt 00:00:11]} Nc5 {[%clk 00:02:30]} {[%emt 00:00:14]} 33.
Rb4 {[%clk 00:02:02]} {[%emt 00:01:46]} Ne4 {[%clk 00:00:39]} {[%emt 00:02:22]}
34. Bb2 {[%clk 00:00:40]} {[%emt 00:01:52]} Rc7 {[%clk 00:01:00]} {[%emt
00:00:10]} 35. Ke2 {[%clk 00:01:01]} {[%emt 00:00:09]} Kf7 {[%clk 00:01:02]}
{[%emt 00:00:28]} 36. Kf3 {[%clk 00:01:07]} {[%emt 00:00:25]} Nd2+ {[%clk
00:00:43]} {[%emt 00:00:48]} 37. Ke2 {[%clk 00:01:33]} {[%emt 00:00:04]} Ne4
{[%clk 00:01:13]} {[%emt 00:00:01]} 38. Kf3 {[%clk 00:01:58]} {[%emt 00:00:04]}
Nd2+ {[%clk 00:00:52]} {[%emt 00:00:50]} 39. Ke2 {[%clk 00:02:27]} {[%emt
00:00:01]} Nb3 {[%clk 00:00:41]} {[%emt 00:00:42]} 40. Ba3 {[%clk 00:02:43]}
{[%emt 00:00:13]} Ke8 {[%clk 00:00:32]} {[%emt 00:00:39]} 41. Rb8+ {[%clk
00:01:23]} {[%emt 00:01:50]} Kf7 {[%clk 00:30:14]} {[%emt 00:00:48]} 42. Rf8+
{[%clk 00:22:00]} {[%emt 00:09:53]} Kg7 {[%clk 00:30:43]} 43. Rd8 {[%clk
00:22:23]} {[%emt 00:00:08]} Kf7 {[%clk 00:30:29]} {[%emt 00:00:44]} 44. Kf3
{[%clk 00:22:35]} {[%emt 00:00:18]} Nd2+ {[%clk 00:30:27]} {[%emt 00:00:30]}
45. Rxd2 {[%clk 00:23:02]} {[%emt 00:00:04]} 1-0

[Event "DEM U18 2025"]
[Site "Willingen GER"]
[Date "2025.06.14"]
[Round "9"]
[White "Petzold, Johannes Julius"]
[Black "Sieber, Bert"]
[Result "0-1"]
[Termination "normal"]
[Board "12"]
[WhiteElo "1986"]
[BlackElo "1996"]
[WhiteClock "00:11:07"]
[BlackClock "00:09:28"]
[PlyCount "62"]
[WhiteFideId "16289455"]
[BlackFideId "16265971"]
[EventCountry "GER"]
[EventRounds "9"]
[EventType "swiss"]
[EventDate "2025.06.07"]

1. e4 {[%clk 01:30:58]} {[%emt 00:00:02]} c5 {[%clk 01:30:56]} {[%emt
00:00:05]} 2. Nf3 {[%clk 01:31:18]} {[%emt 00:00:11]} e6 {[%clk 01:31:19]}
{[%emt 00:00:06]} 3. d4 {[%clk 01:31:41]} {[%emt 00:00:08]} cxd4 {[%clk
01:31:43]} {[%emt 00:00:05]} 4. Nxd4 {[%clk 01:32:08]} {[%emt 00:00:03]} a6
{[%clk 01:32:08]} {[%emt 00:00:06]} 5. Nc3 {[%clk 01:31:31]} {[%emt 00:01:07]}
b5 {[%clk 01:32:26]} {[%emt 00:00:11]} 6. Bd3 {[%clk 01:30:23]} {[%emt
00:01:39]} Bb7 {[%clk 01:32:03]} {[%emt 00:00:53]} 7. a3 {[%clk 01:28:48]}
{[%emt 00:02:06]} Qc7 {[%clk 01:27:31]} {[%emt 00:05:01]} 8. Qe2 {[%clk
01:25:23]} {[%emt 00:03:55]} Nc6 {[%clk 01:19:55]} {[%emt 00:08:07]} 9. Be3
{[%clk 01:21:01]} {[%emt 00:04:52]} Bd6 {[%clk 01:00:29]} {[%emt 00:19:56]} 10.
Rd1 {[%clk 01:08:17]} {[%emt 00:13:14]} Be5 {[%clk 00:53:54]} {[%emt 00:07:04]}
11. Nxc6 {[%clk 01:06:35]} {[%emt 00:02:12]} Bxc6 {[%clk 00:54:08]} {[%emt
00:00:16]} 12. h3 {[%clk 00:49:26]} {[%emt 00:17:39]} Ne7 {[%clk 00:51:11]}
{[%emt 00:03:26]} 13. O-O {[%clk 00:48:45]} {[%emt 00:01:12]} Ng6 {[%clk
00:44:32]} {[%emt 00:07:09]} 14. g3 {[%clk 00:41:45]} {[%emt 00:07:30]} O-O
{[%clk 00:22:03]} {[%emt 00:22:58]} 15. f4 {[%clk 00:40:28]} {[%emt 00:01:48]}
Bxc3 {[%clk 00:22:05]} {[%emt 00:00:27]} 16. bxc3 {[%clk 00:40:54]} {[%emt
00:00:05]} f6 {[%clk 00:21:59]} {[%emt 00:00:36]} 17. Qh5 {[%clk 00:29:28]}
{[%emt 00:11:56]} Bb7 {[%clk 00:19:41]} {[%emt 00:02:49]} 18. e5 {[%clk
00:24:22]} {[%emt 00:05:36]} f5 {[%clk 00:18:52]} {[%emt 00:01:18]} 19. Be2
{[%clk 00:21:06]} {[%emt 00:03:46]} Qxc3 {[%clk 00:15:37]} {[%emt 00:03:45]}
20. Rd3 {[%clk 00:21:34]} {[%emt 00:00:02]} Qc7 {[%clk 00:15:33]} {[%emt
00:00:35]} 21. Rfd1 {[%clk 00:21:43]} {[%emt 00:00:20]} Qc6 {[%clk 00:14:56]}
{[%emt 00:01:07]} 22. Kf2 {[%clk 00:17:02]} {[%emt 00:05:11]} Qg2+ {[%clk
00:13:47]} {[%emt 00:01:39]} 23. Ke1 {[%clk 00:17:27]} {[%emt 00:00:05]} Qxg3+
{[%clk 00:12:27]} {[%emt 00:01:50]} 24. Bf2 {[%clk 00:17:52]} {[%emt 00:00:05]}
Qxf4 {[%clk 00:12:29]} {[%emt 00:00:28]} 25. Rxd7 {[%clk 00:17:01]} {[%emt
00:01:22]} Bd5 {[%clk 00:12:18]} {[%emt 00:00:41]} 26. c4 {[%clk 00:12:00]}
{[%emt 00:05:31]} bxc4 {[%clk 00:11:56]} {[%emt 00:00:51]} 27. Bb6 {[%clk
00:10:36]} {[%emt 00:01:54]} c3 {[%clk 00:09:48]} {[%emt 00:02:38]} 28. Rd3
{[%clk 00:10:07]} {[%emt 00:01:00]} c2 {[%clk 00:09:04]} {[%emt 00:01:13]} 29.
Be3 {[%clk 00:10:13]} {[%emt 00:00:25]} c1=Q+ {[%clk 00:09:14]} {[%emt
00:00:20]} 30. Bxc1 {[%clk 00:10:39]} {[%emt 00:00:04]} Qxc1+ {[%clk 00:09:30]}
{[%emt 00:00:13]} 31. Rd1 {[%clk 00:11:07]} {[%emt 00:00:02]} Qc3+ {[%clk
00:09:28]} {[%emt 00:00:32]} 0-1

[Event "DEM U18 2025"]
[Site "Willingen GER"]
[Date "2025.06.14"]
[Round "9"]
[White "Deschler, Arne"]
[Black "Schwarz, David"]
[Result "0-1"]
[Termination "normal"]
[Board "13"]
[WhiteElo "2055"]
[BlackElo "2137"]
[WhiteClock "00:13:12"]
[BlackClock "00:05:29"]
[PlyCount "62"]
[WhiteFideId "16274415"]
[BlackFideId "16287614"]
[EventCountry "GER"]
[EventRounds "9"]
[EventType "swiss"]
[EventDate "2025.06.07"]

1. e4 {[%clk 01:30:59]} {[%emt 00:00:01]} c6 {[%clk 01:30:55]} {[%emt
00:00:06]} 2. d4 {[%clk 01:31:26]} {[%emt 00:00:04]} d5 {[%clk 01:31:21]}
{[%emt 00:00:03]} 3. exd5 {[%clk 01:31:54]} {[%emt 00:00:01]} cxd5 {[%clk
01:31:46]} {[%emt 00:00:05]} 4. Bd3 {[%clk 01:32:13]} {[%emt 00:00:11]} Nc6
{[%clk 01:32:13]} {[%emt 00:00:03]} 5. c3 {[%clk 01:32:38]} {[%emt 00:00:05]}
Qc7 {[%clk 01:32:39]} {[%emt 00:00:03]} 6. h3 {[%clk 01:32:47]} {[%emt
00:00:22]} e6 {[%clk 01:32:35]} {[%emt 00:00:34]} 7. Nf3 {[%clk 01:32:18]}
{[%emt 00:00:58]} Bd6 {[%clk 01:33:00]} {[%emt 00:00:07]} 8. O-O {[%clk
01:32:07]} {[%emt 00:00:40]} Nge7 {[%clk 01:33:08]} {[%emt 00:00:21]} 9. Re1
{[%clk 01:26:59]} {[%emt 00:05:39]} Bd7 {[%clk 01:32:21]} {[%emt 00:01:18]} 10.
Qe2 {[%clk 01:24:20]} {[%emt 00:03:10]} f6 {[%clk 01:26:59]} {[%emt 00:05:50]}
11. Nbd2 {[%clk 01:20:50]} {[%emt 00:04:00]} g5 {[%clk 01:24:33]} {[%emt
00:02:57]} 12. c4 {[%clk 01:14:32]} {[%emt 00:06:49]} O-O-O {[%clk 01:21:23]}
{[%emt 00:03:40]} 13. c5 {[%clk 01:10:13]} {[%emt 00:04:48]} Bf4 {[%clk
01:20:28]} {[%emt 00:01:24]} 14. g3 {[%clk 00:57:10]} {[%emt 00:13:33]} Bxd2
{[%clk 01:02:00]} {[%emt 00:18:57]} 15. Bxd2 {[%clk 00:56:39]} {[%emt
00:01:02]} h5 {[%clk 01:02:09]} {[%emt 00:00:21]} 16. Bc3 {[%clk 00:55:56]}
{[%emt 00:01:14]} Nf5 {[%clk 01:02:24]} {[%emt 00:00:14]} 17. Bxf5 {[%clk
00:52:51]} {[%emt 00:03:35]} exf5 {[%clk 01:02:53]} {[%emt 00:00:02]} 18. b4
{[%clk 00:51:44]} {[%emt 00:01:36]} f4 {[%clk 00:52:58]} {[%emt 00:10:25]} 19.
b5 {[%clk 00:51:10]} {[%emt 00:01:05]} Rde8 {[%clk 00:51:42]} {[%emt 00:01:44]}
20. Qd2 {[%clk 00:49:34]} {[%emt 00:02:04]} Ne7 {[%clk 00:51:34]} {[%emt
00:00:40]} 21. Ba5 {[%clk 00:45:57]} {[%emt 00:04:06]} Qb8 {[%clk 00:51:53]}
{[%emt 00:00:12]} 22. c6 {[%clk 00:37:24]} {[%emt 00:09:02]} bxc6 {[%clk
00:50:46]} {[%emt 00:01:38]} 23. Qb4 {[%clk 00:34:34]} {[%emt 00:03:20]} fxg3
{[%clk 00:43:08]} {[%emt 00:08:07]} 24. Rxe7 {[%clk 00:33:07]} {[%emt
00:01:58]} Rxe7 {[%clk 00:31:40]} {[%emt 00:11:58]} 25. Qxe7 {[%clk 00:33:29]}
{[%emt 00:00:07]} Re8 {[%clk 00:32:07]} {[%emt 00:00:03]} 26. Qc5 {[%clk
00:30:26]} {[%emt 00:03:35]} h4 {[%clk 00:15:10]} {[%emt 00:17:28]} 27. bxc6
{[%clk 00:22:45]} {[%emt 00:08:10]} gxf2+ {[%clk 00:13:51]} {[%emt 00:01:48]}
28. Kh1 {[%clk 00:22:28]} {[%emt 00:00:47]} Bxh3 {[%clk 00:14:14]} {[%emt
00:00:08]} 29. Qxd5 {[%clk 00:21:49]} {[%emt 00:01:08]} Qg3 {[%clk 00:06:38]}
{[%emt 00:08:07]} 30. Ne5 {[%clk 00:18:58]} {[%emt 00:03:21]} Be6 {[%clk
00:05:13]} {[%emt 00:01:55]} 31. Qg2 {[%clk 00:13:12]} {[%emt 00:06:16]} Bd5
{[%clk 00:05:29]} {[%emt 00:00:14]} 0-1

[Event "DEM U18 2025"]
[Site "Willingen GER"]
[Date "2025.06.14"]
[Round "9"]
[White "Lippitz, Jaden"]
[Black "Hanmuradov, Ülwi"]
[Result "1/2-1/2"]
[Termination "normal"]
[Board "14"]
[WhiteElo "1828"]
[BlackElo "1790"]
[WhiteClock "00:40:30"]
[BlackClock "00:13:53"]
[PlyCount "66"]
[WhiteFideId "34608893"]
[BlackFideId "34658840"]
[EventCountry "GER"]
[EventRounds "9"]
[EventType "swiss"]
[EventDate "2025.06.07"]

1. d4 {[%clk 01:30:57]} {[%emt 00:00:02]} Nf6 {[%clk 01:30:47]} {[%emt
00:00:13]} 2. c4 {[%clk 01:31:18]} {[%emt 00:00:09]} e6 {[%clk 01:31:11]}
{[%emt 00:00:07]} 3. Nc3 {[%clk 01:31:40]} {[%emt 00:00:09]} d5 {[%clk
01:31:29]} {[%emt 00:00:12]} 4. cxd5 {[%clk 01:32:02]} {[%emt 00:00:08]} exd5
{[%clk 01:31:52]} {[%emt 00:00:06]} 5. Bf4 {[%clk 01:32:14]} {[%emt 00:00:18]}
c6 {[%clk 01:32:02]} {[%emt 00:00:20]} 6. e3 {[%clk 01:32:36]} {[%emt
00:00:08]} Bf5 {[%clk 01:31:40]} {[%emt 00:00:52]} 7. Bd3 {[%clk 01:32:38]}
{[%emt 00:00:28]} Bxd3 {[%clk 01:30:13]} {[%emt 00:01:57]} 8. Qxd3 {[%clk
01:33:01]} {[%emt 00:00:07]} Nbd7 {[%clk 01:29:08]} {[%emt 00:01:34]} 9. Nf3
{[%clk 01:32:36]} {[%emt 00:00:56]} Be7 {[%clk 01:28:00]} {[%emt 00:01:38]} 10.
O-O {[%clk 01:32:57]} {[%emt 00:00:08]} O-O {[%clk 01:27:08]} {[%emt 00:01:22]}
11. Nd2 {[%clk 01:30:43]} {[%emt 00:02:44]} Re8 {[%clk 01:24:19]} {[%emt
00:03:19]} 12. h3 {[%clk 01:27:57]} {[%emt 00:03:16]} a5 {[%clk 01:20:19]}
{[%emt 00:04:31]} 13. a4 {[%clk 01:24:38]} {[%emt 00:03:49]} Nf8 {[%clk
01:11:00]} {[%emt 00:09:50]} 14. Rfe1 {[%clk 01:21:40]} {[%emt 00:03:26]} Ne6
{[%clk 01:08:45]} {[%emt 00:02:47]} 15. Bh2 {[%clk 01:21:00]} {[%emt 00:01:09]}
Bd6 {[%clk 01:05:08]} {[%emt 00:04:09]} 16. Rad1 {[%clk 01:18:50]} {[%emt
00:02:37]} Bxh2+ {[%clk 01:02:20]} {[%emt 00:03:20]} 17. Kxh2 {[%clk 01:19:10]}
{[%emt 00:00:09]} Qc7+ {[%clk 01:01:17]} {[%emt 00:01:34]} 18. Kg1 {[%clk
01:18:06]} {[%emt 00:01:34]} Rad8 {[%clk 00:59:21]} {[%emt 00:02:27]} 19. e4
{[%clk 01:14:33]} {[%emt 00:04:02]} dxe4 {[%clk 00:55:52]} {[%emt 00:03:58]}
20. Ndxe4 {[%clk 01:14:22]} {[%emt 00:00:42]} Nxe4 {[%clk 00:46:17]} {[%emt
00:10:05]} 21. Qxe4 {[%clk 01:14:11]} {[%emt 00:00:40]} Qb6 {[%clk 00:43:31]}
{[%emt 00:03:15]} 22. d5 {[%clk 01:01:08]} {[%emt 00:13:34]} Nc7 {[%clk
00:38:33]} {[%emt 00:05:28]} 23. Qf3 {[%clk 00:59:46]} {[%emt 00:01:52]} Rxe1+
{[%clk 00:33:53]} {[%emt 00:05:11]} 24. Rxe1 {[%clk 01:00:01]} {[%emt
00:00:14]} Nxd5 {[%clk 00:32:46]} {[%emt 00:01:37]} 25. Nxd5 {[%clk 00:59:46]}
{[%emt 00:00:45]} cxd5 {[%clk 00:32:40]} {[%emt 00:00:37]} 26. Qxd5 {[%clk
00:59:26]} {[%emt 00:00:49]} h6 {[%clk 00:32:29]} {[%emt 00:00:41]} 27. Qe4
{[%clk 00:57:38]} {[%emt 00:02:18]} Qxb2 {[%clk 00:29:04]} {[%emt 00:03:55]}
28. Rb1 {[%clk 00:54:13]} {[%emt 00:03:54]} Qd4 {[%clk 00:28:12]} {[%emt
00:01:20]} 29. Qc2 {[%clk 00:50:25]} {[%emt 00:04:20]} Qd5 {[%clk 00:24:14]}
{[%emt 00:04:29]} 30. Qc7 {[%clk 00:45:35]} {[%emt 00:05:20]} Rd7 {[%clk
00:20:46]} {[%emt 00:03:58]} 31. Qc8+ {[%clk 00:41:01]} {[%emt 00:05:04]} Rd8
{[%clk 00:18:23]} {[%emt 00:02:53]} 32. Qc7 {[%clk 00:40:24]} {[%emt 00:01:07]}
Rd7 {[%clk 00:18:16]} {[%emt 00:00:38]} 33. Qc8+ {[%clk 00:40:30]} {[%emt
00:00:23]} Rd8 {[%clk 00:13:53]} {[%emt 00:04:53]} 1/2-1/2